[Event "Copenhagen Challenge"]
[Site "Ballerup"]
[Date "2019.05.19"]
[Round "9"]
[White "Hentley, Darryl"]
[Black "Kallenbach, Uffe"]
[Result "1-0"]
[WhiteElo "1529"]
[BlackElo "1644"]
[PlyCount "59"]
[EventDate "2019.05.15"]
[EventType "swiss"]
[EventRounds "9"]
[EventCountry "DEN"]
[SourceTitle "CBM 190 Extra"]
[Source "ChessBase"]
[SourceDate "2019.07.15"]
[SourceVersion "1"]
[SourceVersionDate "2019.07.15"]
[SourceQuality "1"]

1. e4 c5 2. d3 Nc6 3. f4 d5 4. e5 f6 5. exf6 Nxf6 6. Be2 e5 7. g3 Bd6 8. Bh5+ g6 9. Be2 0-0 10. Nf3 Qc7 11. Nc3 exf4 12. Nb5 Qa5+ 13. Nc3 d4 14. Bd2 dxc3 15. Bxc3 Qc7 16. 0-0 Ng4 17. d4 Ne3 18. Qd3 Nxf1 19. Rxf1 fxg3 20. Qc4+ Qf7 21. Ng5 Qxc4 22. Bxc4+ Kg7 23. dxc5+ Kh6 24. Nf7+ Rxf7 25. Rxf7 Bxc5+ 26. Kg2 Be3 27. Kxg3 b6 28. Bg7+ Kg5 29. h4+ Kh5 30. Be2+ 1-0

[Event "Copenhagen Challenge"]
[Site "Ballerup"]
[Date "2018.04.28"]
[Round "6"]
[White "Liu, Casper Yukun"]
[Black "Hentley, Darryl"]
[Result "1-0"]
[WhiteElo "1898"]
[BlackElo "1544"]
[PlyCount "103"]
[EventDate "2018.04.25"]
[EventType "swiss"]
[EventRounds "9"]
[EventCountry "DEN"]
[SourceTitle "CBM 184 Extra"]
[Source "ChessBase"]
[SourceDate "2018.06.28"]
[SourceVersion "1"]
[SourceVersionDate "2018.06.28"]
[SourceQuality "1"]

1. d4 c6 2. c3 d5 3. Bf4 Bf5 4. Qb3 b6 5. Nf3 e6 6. Nbd2 Nf6 7. e3 Bd6 8. Ne5 Bxe5 9. Bxe5 0-0 10. Be2 Nbd7 11. Qa4 c5 12. Bd6 Re8 13. Bb5 a6 14. Bc6 Bd3 15. Bxa8 Qxa8 16. dxc5 Nxc5 17. Bxc5 bxc5 18. Nb3 Ne4 19. Nc1 Bc4 20. Qc2 d4 21. cxd4 Bd5 22. 0-0 cxd4 23. exd4 Rc8 24. Qd1 Qb7 25. Nd3 Nf6 26. f3 Qb6 27. Qa4 Rc4 28. Qa3 Qxd4+ 29. Kh1 h5 30. Rac1 Ra4 31. Rc8+ Kh7 32. Qc3 Qh4 33. Ne5 Qf4 34. Nxf7 Rc4 35. Rh8+ Kg6 36. Ne5+ Kg5 37. Nxc4 Bxc4 38. Re1 Kg6 39. Qe5 Qxe5 40. Rxe5 Bxa2 41. Kg1 Bd5 42. Kf2 Kf7 43. Ke3 Bc4 44. Kd4 Bb5 45. Ra8 Bf1 46. Ra7+ Kg6 47. h4 Bxg2 48. Rg5+ Kh6 49. Rxg2 e5+ 50. Kxe5 Kh7 51. Rgxg7+ Kh6 52. Kxf6 1-0

[Event "Copenhagen Challenge"]
[Site "Ballerup"]
[Date "2018.04.26"]
[Round "2"]
[White "Stampe, Roger"]
[Black "Hentley, Darryl"]
[Result "1-0"]
[WhiteElo "1992"]
[BlackElo "1544"]
[PlyCount "59"]
[EventDate "2018.04.25"]
[EventType "swiss"]
[EventRounds "9"]
[EventCountry "DEN"]
[SourceTitle "CBM 184 Extra"]
[Source "ChessBase"]
[SourceDate "2018.06.28"]
[SourceVersion "1"]
[SourceVersionDate "2018.06.28"]
[SourceQuality "1"]

1. f4 e5 2. fxe5 Nc6 3. Nf3 d6 4. e4 Nd4 5. c3 Nxf3+ 6. Qxf3 dxe5 7. Bc4 Nf6 8. 0-0 Bc5+ 9. d4 Bxd4+ 10. Kh1 Bg4 11. Qg3 Qd7 12. cxd4 Qxd4 13. Na3 0-0-0 14. Bg5 Nxe4 15. Qxg4+ Kb8 16. Qh4 f6 17. Bc1 h6 18. Qe1 a6 19. Rb1 Nd6 20. Be3 Qg4 21. Be2 Qg6 22. Qb4 Qe4 23. Qb3 f5 24. Bf3 Qh4 25. Bf2 Qf6 26. Nc4 Nb5 27. a4 e4 28. Bxe4 Nd6 29. Nxd6 b6 30. Qd5 1-0

[Event "Copenhagen Challenge"]
[Site "Ballerup"]
[Date "2017.05.14"]
[Round "8"]
[White "Hentley, Darryl"]
[Black "Sundin, Sven Ingvar"]
[Result "1/2-1/2"]
[WhiteElo "1643"]
[BlackElo "1605"]
[PlyCount "224"]
[EventDate "2017.05.10"]
[EventType "swiss"]
[EventRounds "9"]
[EventCountry "DEN"]
[SourceTitle "CBM 178 Extra"]
[Source "ChessBase"]
[SourceDate "2017.06.22"]
[SourceVersion "1"]
[SourceVersionDate "2017.06.22"]
[SourceQuality "1"]

1. d3 d5 2. Nf3 Nc6 3. b3 Nf6 4. Bb2 Bg4 5. Nbd2 d4 6. h3 Bh5 7. Qc1 e5 8. c3 dxc3 9. Bxc3 Bd6 10. g4 Bg6 11. Qb2 Qe7 12. e4 0-0-0 13. Nc4 Nd7 14. h4 h6 15. Be2 f6 16. a3 h5 17. g5 f5 18. Nfd2 Rhf8 19. b4 Qe6 20. f3 Rf7 21. Nb3 Rdf8 22. b5 Ncb8 23. Qc2 fxe4 24. dxe4 Rxf3 25. Nxd6+ Qxd6 26. Bb4 Qb6 27. 0-0-0 Qe3+ 28. Nd2 Bxe4 29. Qxe4 Qxe4 30. Nxe4 R3f4 31. Bxf8 Nxf8 32. Nc5 b6 33. Nd3 Rc4+ 34. Kb2 Nbd7 35. Nxe5 Nxe5 36. Bxc4 Nxc4+ 37. Kb3 Nd6 38. Rh2 Nxb5 39. Rc2 Ne6 40. Rf2 Nbd4+ 41. Kc4 b5+ 42. Kd5 c6+ 43. Ke5 c5 44. Rxd4 Nxd4 45. Rf8+ Kb7 46. Rf7+ Kb6 47. Rxg7 Nf3+ 48. Kd5 Nxh4 49. Rh7 c4 50. Rxh5 Ng2 51. Rh6+ Ka5 52. Kd4 Ka4 53. Ra6+ Kb3 54. g6 Nh4 55. g7 Nf5+ 56. Ke4 Nxg7 57. Rxa7 Ne6 58. Ke3 Nc5 59. Ra5 Na4 60. Rxb5+ Kxa3 61. Kd2 c3+ 62. Kc2 Ka2 63. Rb3 Nc5 64. Rxc3 Na4 65. Rb3 Nc5 66. Rb5 Na4 67. Rb7 Ka3 68. Rb8 Nc5 69. Rb1 Ka4 70. Kc3 Ne4+ 71. Kd4 Nd2 72. Ra1+ Kb3 73. Ra8 Nf3+ 74. Ke3 Ne5 75. Rc8 Nc4+ 76. Kd4 Nb2 77. Rb8+ Kc2 78. Rb4 Nd1 79. Rc4+ Kd2 80. Ra4 Kc2 81. Ra1 Nb2 82. Rh1 Kb3 83. Rc1 Kb4 84. Rc5 Kb3 85. Rc7 Na4 86. Rb7+ Kc2 87. Rb5 Nb2 88. Rc5+ Kd2 89. Rc3 Nd1 90. Ra3 Ke2 91. Ra2+ Kf3 92. Ke5 Nf2 93. Kf5 Ke3 94. Ra3+ Kd4 95. Kf4 Nd3+ 96. Kf5 Nc5 97. Ra1 Nd3 98. Ke6 Nc5+ 99. Kd6 Ne4+ 100. Kc6 Ke5 101. Re1 Kd4 102. Re2 Ke5 103. Re3 Kd4 104. Rh3 Ke5 105. Rh5+ Kd4 106. Rd5+ Ke3 107. Re5 Kd4 108. Re7 Kd3 109. Kd5 Nc3+ 110. Kc5 Ne4+ 111. Kb5 Nc3+ 112. Kb4 Nd5+ 1/2-1/2

[Event "Copenhagen Challenge"]
[Site "Ballerup"]
[Date "2017.05.13"]
[Round "6"]
[White "Winther, Bjarke Rosenborg"]
[Black "Hentley, Darryl"]
[Result "1-0"]
[WhiteElo "1784"]
[BlackElo "1643"]
[PlyCount "56"]
[EventDate "2017.05.10"]
[EventType "swiss"]
[EventRounds "9"]
[EventCountry "DEN"]
[SourceTitle "CBM 178 Extra"]
[Source "ChessBase"]
[SourceDate "2017.06.22"]
[SourceVersion "1"]
[SourceVersionDate "2017.06.22"]
[SourceQuality "1"]

1. e4 c6 2. d4 h6 3. Nf3 Nf6 4. e5 Nd5 5. c4 Nc7 6. Nc3 d6 7. exd6 Qxd6 8. Be2 Bf5 9. Qb3 b6 10. Be3 Qg6 11. Nh4 Qh7 12. Nxf5 Qxf5 13. Bf3 e5 14. d5 Nba6 15. d6 Bxd6 16. Bxc6+ Kd8 17. Bxa8 Nxa8 18. Rd1 Ke7 19. Nd5+ Kf8 20. Qb5 Qc8 21. 0-0 g5 22. Nxb6 Nxb6 23. Rxd6 Nc7 24. Qxe5 Rh7 25. Bxb6 axb6 26. Rc6 f6 27. Qxf6+ Kg8 28. Rd1 Qb8 1-0